Estadísticas para 15 principales países afectados por Covid19 - 5 de enero de 2022

Haz click aquí para intentar la prueba.

Estadísticas generales

  • Esta prueba ha sido intentada 5 veces
  • La puntuación promedio es 17 de 27

Estadísticas de respuestas

país% Correcto
Alemania
100%
Argentina
100%
Brasil
100%
Estados Unidos
100%
Francia
100%
India
100%
Italia
100%
Reino Unido
100%
Rusia
100%
España
80%
Irlanda
80%
Turquía
80%
Chequia
60%
Colombia
60%
Estonia
60%
Irán
60%
Polonia
60%
Bélgica
40%
Croacia
40%
Eslovaquia
40%
Indonesia
40%
Lituania
40%
Suiza
40%
Eslovenia
20%
Georgia
20%
Países Bajos
20%
Baréin
0%

Distribución de puntuación

Porcentaje por número respondido

Porcentaje de gente con cada puntuación

Historial de tus puntuaciones

No has intentado esta prueba.